<?xml version="1.0" encoding="UTF-8"?>
<record
    xmlns:xsi="http://www.w3.org/2001/XMLSchema-instance"
    xsi:schemaLocation="http://www.loc.gov/MARC21/slim http://www.loc.gov/standards/marcxml/schema/MARC21slim.xsd"
    xmlns="http://www.loc.gov/MARC21/slim">

  <leader>00516nam a2200145   4500</leader>
  <datafield tag="999" ind1=" " ind2=" ">
    <subfield code="c">122154</subfield>
    <subfield code="d">122154</subfield>
  </datafield>
  <controlfield tag="005">20210429135738.0</controlfield>
  <controlfield tag="008">210429b           ||||| |||| 00| 0 eng d</controlfield>
  <datafield tag="040" ind1=" " ind2=" ">
    <subfield code="c">PK-LaUMT</subfield>
  </datafield>
  <datafield tag="082" ind1=" " ind2=" ">
    <subfield code="a">RHC 320.531</subfield>
    <subfield code="b">RED-J</subfield>
  </datafield>
  <datafield tag="100" ind1=" " ind2=" ">
    <subfield code="a">Redess, Gyles = &#x631;&#x6CC;&#x688;&#x633;&#x60C; &#x6AF;&#x627;&#x626;&#x644;&#x633;</subfield>
  </datafield>
  <datafield tag="245" ind1=" " ind2=" ">
    <subfield code="a">Jamhoori socialism = &#x62C;&#x645;&#x6C1;&#x648;&#x631;&#x6CC; &#x633;&#x648;&#x634;&#x644;&#x632;&#x645; :</subfield>
    <subfield code="b">aik mukhtasir sa jaizah = &#x627;&#x6CC;&#x6A9; &#x645;&#x62E;&#x62A;&#x635;&#x631; &#x633;&#x627; &#x62C;&#x627;&#x626;&#x632;&#x6C1; /</subfield>
    <subfield code="c">by Gyles Redess = &#x627;&#x632; &#x6AF;&#x627;&#x626;&#x644;&#x633; &#x631;&#x6CC;&#x688;&#x633;</subfield>
  </datafield>
  <datafield tag="260" ind1=" " ind2=" ">
    <subfield code="a">Dehli :</subfield>
    <subfield code="b">National Academy,</subfield>
    <subfield code="c">1965</subfield>
  </datafield>
  <datafield tag="300" ind1=" " ind2=" ">
    <subfield code="a">228 p.</subfield>
  </datafield>
  <datafield tag="942" ind1=" " ind2=" ">
    <subfield code="c">BK</subfield>
  </datafield>
  <datafield tag="952" ind1=" " ind2=" ">
    <subfield code="0">0</subfield>
    <subfield code="1">0</subfield>
    <subfield code="4">0</subfield>
    <subfield code="7">0</subfield>
    <subfield code="a">01</subfield>
    <subfield code="b">01</subfield>
    <subfield code="d">2021-04-29</subfield>
    <subfield code="l">0</subfield>
    <subfield code="o">RHC 320.531 RED-J</subfield>
    <subfield code="p">136960</subfield>
    <subfield code="r">2021-04-29 00:00:00</subfield>
    <subfield code="w">2021-04-29</subfield>
    <subfield code="y">BK</subfield>
  </datafield>
</record>
